ASOIAF Top Characters by House Quiz Stats

Quiz Updated Jul 19, 2015

Challenge
Share
Tweet
Embed
Score 0/34 Timer 06:00
20 Plays Today
Hint Answer % Correct
LannisterTyrion
97.6%
StarkArya
97.5%
StarkSansa
97%
LannisterCersei
96.2%
BaratheonRobert
95.7%
ArrynRobert
95.7%
StarkBran
95.2%
GreyjoyTheon
94.9%
LannisterJaime
93.6%
TargaryenDaenerys
91.7%
ArrynJon
91.3%
MormontJorah
90.9%
FreyWalder
90.4%
FreyLittle Walder
90.4%
TullyCatelyn
90.2%
BoltonRoose
89.5%
BaratheonStannis
88.4%
Hint Answer % Correct
BaratheonJoffrey
87.3%
MartellOberyn
85%
TyrellLoras
83.6%
TullyLysa
80%
TyrellMargaery
78.8%
BoltonRamsay
78.6%
MormontJeor
75.9%
GreyjoyAsha
75.4%
TullyEdmure
72.2%
TyrellMace
66.5%
TargaryenAerys
62.1%
TargaryenMaester Aemon
60.3%
GreyjoyVictarion
54.4%
MartellQuentyn
49.8%
MartellArianne
48%
MormontMaege
32.7%
FreyCleos
17.7%

You're not logged in!

Compare scores with friends on all Sporcle quizzes.
Join for Free
OR
Log In

You Might Also Like...

Show Comments

Extras

Top Quizzes Today


Score Distribution

Your Account Isn't Verified!

In order to create a playlist on Sporcle, you need to verify the email address you used during registration. Go to your Sporcle Settings to finish the process.

Report this User

Report this user for behavior that violates our Community Guidelines.

Details: